000
00330 a2200157 4500
001
68738
020
_a
8530501292
040
_c
Anchieta - Itaigara
100
_a
Bandeira, Pedro
240
1
0
_a
O patinho feio
_l
por
245
1
0
_a
O patinho feio
300
_a
31
362
0
_a
1997
650
4
_a
Literatura infantil
942
_c
BK
999
_c
68738
_d
68738